Datum a čas kvízu
26.5
Celkem bodů
Celkový počet nahraných bodů na tomto kvízu bez doplňovacích otázek.
4.
Pořadí na kvízu
Konečné umístění týmu na tomto kvízu.
Zaznamenané odpovědi
| # | Otázka | Odpověď | Body | Výsledky |
|---|---|---|---|---|
| 1. | Ministerstvo obrany opět nabíz... | řopík | 1 | |
| 2. | Prezident Paul Biya je v 92 le... | D) Kamerun | 0 | |
| 3. | Zříceninu jednoho českého hrad... | Trosky; Kingdom Come: Deliverance (2) | 0.5 | |
| 4. | Novým majitelem zkrachovalé hu... | Martin Pecina | 0 | |
| 5. | Novinářskou anketu Zlatý míč o... | Pavel Šulc | 0 | |
| 6. | Jak se jmenují herečtí předsta... | Václav Lohniský, Valerie Kaplanová | 0.5 | |
| 7. | „Tanec smrti“ je výtvarné téma... | danse macabre | 1 | |
| 8. | Pikové eso bývá nazýváno karto... | 2003 (bod připisujeme za odpovědi 2002 až 2004) | 1 | |
| 9. | Doplňte tři slova v názvu romá... | si říká Engelchen | 0 | |
| 10. | Napište čtyřpísmenné jméno hin... | Kálí | 1 |